000 00367 a2200145 4500
999 _c4132
_d4132
020 _a9781473613041
050 _aPR6062 LOR 2015
100 _aLorrimer, Claire
_eauthor
245 _aOrtolans/
_cClaire Lorrimer
264 _aLondon
_bHodder & Stoughton
_c2015
300 _a663p. :
500 _aNovel
650 _aOrtolans--Fiction
942 _2lcc
_cBK
_h6062
_iLOR
_kPR